Cost accounting : A managerial emphasis
Cost Accounting defined the cost accounting market and continues to innovate today by consistently integrating the most current practice and theory into the text. This acclaimed, market-leading text emphasizes the basic theme of “different costs for different purposes,” and reaches beyond cost accou...
Αποθηκεύτηκε σε:
| Κύριος συγγραφέας: | |
|---|---|
| Μορφή: | Βιβλίο |
| Γλώσσα: | Undetermined |
| Έκδοση: |
Englewood Cliffs, N.J.
Prentice-Hall
1972
|
| Θέματα: | |
| Ετικέτες: |
Προσθήκη ετικέτας
Δεν υπάρχουν, Καταχωρήστε ετικέτα πρώτοι!
|
| Thư viện lưu trữ: | Trung tâm Học liệu Trường Đại học Cần Thơ |
|---|
| LEADER | 00978nam a2200205Ia 4500 | ||
|---|---|---|---|
| 001 | CTU_218934 | ||
| 008 | 210402s9999 xx 000 0 und d | ||
| 082 | |a 658.1511 | ||
| 082 | |b H813 | ||
| 100 | |a Horngren, Charles T. | ||
| 245 | 0 | |a Cost accounting : | |
| 245 | 2 | |b A managerial emphasis | |
| 245 | 0 | |c Charles T. Horngren | |
| 260 | |a Englewood Cliffs, N.J. | ||
| 260 | |b Prentice-Hall | ||
| 260 | |c 1972 | ||
| 520 | |a Cost Accounting defined the cost accounting market and continues to innovate today by consistently integrating the most current practice and theory into the text. This acclaimed, market-leading text emphasizes the basic theme of “different costs for different purposes,” and reaches beyond cost accounting procedures to consider concepts, analyses, and management. | ||
| 650 | |a Cost accounting,Managerial accounting,Kế toán chi phí,Kế toán quản trị | ||
| 904 | |i Qhieu | ||
| 980 | |a Trung tâm Học liệu Trường Đại học Cần Thơ | ||